Marketingová komunikace a vývoj paradigmat

Rozdiely medzi klasickým marketingom a marketingom vzťahov. Vplyv nových paradigiem na vzťah so zákazníkom. Voľba stratégie komunikácie marketingových vzťahov. Komunikačná stratégia zameraná na podnikanie. Komunikácia zameraná na rôznych účastíkov trhu. Zameranie interaktívnej marketingovej komuniká...

Descripción completa

Guardado en:
Detalles Bibliográficos
Autor principal: Tomek, Gustav
Formato: Capítulo de libro
Lenguaje:checo
Materias:
Etiquetas: Agregar Etiqueta
Sin Etiquetas, Sea el primero en etiquetar este registro!

MARC

LEADER 00000naa a2200000 4500
001 0185091
005 20231115070547.6
041 0 |a cze 
044 |a CZ 
245 1 0 |a Marketingová komunikace a vývoj paradigmat  |c Gustav Tomek 
520 |a Rozdiely medzi klasickým marketingom a marketingom vzťahov. Vplyv nových paradigiem na vzťah so zákazníkom. Voľba stratégie komunikácie marketingových vzťahov. Komunikačná stratégia zameraná na podnikanie. Komunikácia zameraná na rôznych účastíkov trhu. Zameranie interaktívnej marketingovej komunikácie. 
610 2 0 |a komunikácia marketingová 
610 2 0 |a marketing vzťahový 
100 1 |a Tomek, Gustav